El conde de montecristo : (Registro nro. 7173)

Detalles MARC
000 -LIDER
fixed length control field 00879nam a2200277 a 4500
001 - NÚMERO DE CONTROL
Identificador de número de control 000025183
003 - IDENTIFICACDOR DE NÚMERO DE CONTROL
control field DO-SdBNP
005 - DATE AND TIME OF LATEST TRANSACTION
control field 20180213132813.0
007 - CAMPOS FIJOS DE DESCRIPCIÓN FÍSICA
fixed length control field 000025183
008 - ELEMENTOS DE LONGITUD FIJA
fixed length control field 110211s1998 dr a 000 0 spa d
040 ## - FUENTE DE CATALOGACIÓN
Agencia que crea de manera original el registro BPMSU
Idioma de catalogación spa
Agencia que realiza la transcripción BPMSU
092 ## - LOCALLY ASSIGNED DEWEY DECIMAL CALL NUMBER
Número de clasificación 843.7
Número de ítem (Cutter) D886c
100 1# - ASIENTO PRINCIPAL -- NOMBRE PERSONAL
Nombre personal Dumas, Alejandro,
Fechas asociadas con el nombre 1802-1870.
245 13 - MENCIÓN DE TITULO
Título El conde de montecristo :
Subtítulo versión Montse V /
Mención de responsabilidad Alejandro Dumas ; ilustración A. Centeno .
260 ## - PUBLICACIÓN, DISTRIBUCIÓN, ETC. (PIE DE IMPRENTA)
Lugar de publicación, distribución, etc Santo Domingo :
Nombre del editor, distribuidor, etc. Tobogan,
Fecha de publicación, distribución, etc 1998.
Impresor Alfa y Omega
300 ## - DESCRIPCIÓN FÍSICA
Extensión 143 p. :
Otros detalles físicos il. ;
Dimensiones 24 cm.
490 1# - MENCIÓN DE SERIES
Mención de serie Clásicos Universales Tobogán
500 ## - NOTA GENERAL
Nota general La biblioteca posee la versión de 2008
650 #4 - ENCABEZAMIENTO DE MATERIA--TEMÁTICO
Término temático o nombre geográfico como elemento de entrada CUENTOS FRANCESES
650 #4 - ENCABEZAMIENTO DE MATERIA--TEMÁTICO
Término temático o nombre geográfico como elemento de entrada LITERATURA FRANCESA
700 1# - ASIENTO SECUNDARIO -- NOMBRE PERSONAL
Nombre personal Montse V.
830 #0 - ASIENTO SECUNDARIO DE SERIE--TÍTULO UNIFORME
Título uniforme Clásicos Universales Tobogán
942 ## - ADDED ENTRY ELEMENTS (KOHA)
Source of classification or shelving scheme Dewey Decimal Classification
Koha item type Libros
945 ## - INFORMACIÓN DE PROCESAMIENTO LOCAL
Información de procesamiento local Inventariado, 2008/LP
956 ## - LOCAL ELECTRONIC LOCATION AND ACCESS (OCLC)
Nombre de host VMATEO
Número de acceso 10
Información de compresión 20150515
Inicio de sesión BPMSU
Procesador de solicitud 0069
Existencias
Withdrawn status Lost status Source of classification or shelving scheme Damaged status Not for loan Collection code Home library Current library Date acquired Total Checkouts Barcode Date last seen Price effective from Koha item type Copy number
    Dewey Decimal Classification     Colección Dominicana Biblioteca Pública Metropolitana Salomé Ureña Biblioteca Pública Metropolitana Salomé Ureña 07/16/2014   BPMSU15040601 07/16/2014 07/16/2014 Libros  
    Dewey Decimal Classification     Colección Dominicana Biblioteca Pública Metropolitana Salomé Ureña Biblioteca Pública Metropolitana Salomé Ureña 01/29/2015   BPMSU15040602 01/29/2015 01/29/2015 Libros ej. 2
    Dewey Decimal Classification     Colección Dominicana Biblioteca Pública Metropolitana Salomé Ureña Biblioteca Pública Metropolitana Salomé Ureña 05/15/2015   BPMSU15051737 05/15/2015 05/15/2015 Libros ej. 3